Statistics for Top 10 Populations of October 3rd 2015

Click here to take the quiz!

General Stats

  • This quiz has been taken 41 times
  • The average score is 10 of 10

Answer Stats

Population:Country:% Correct
1,471,192,759China
100%
1,349,870,598India
100%
327,797,889United States
100%
298,577,903Indonesia
100%
205,548,975Brazil
98%
188,967,787Pakistan
98%
127,874,911Japan
95%
188,878,451Nigeria
93%
146,785,554Russia
93%
169,656,865Bangladesh
90%

Score Distribution

Percentile by Number Answered

Percent of People with Each Score

Your Score History

You have not taken this quiz